00482nam a2200157Ia 4500020001800000082001500018245008700033260004300120300001300163504001900176650002400195650002000219650004100239700002400280700002000304 a0-7619-3045-0 a303.6 SAG- 0aSage handbook of conflict communication: integrating theory, research and practice aThousand OaksbSage Publicationsc2006 axvi, 792 aincludes index aConflict management aSocial conflict aCommunication in the social sciences aTing-Toomey, Stella aOetzel, John G.